| 000 | 00500nam a2200205Ia 4500 | ||
|---|---|---|---|
| 008 | 210210b1997 xxu||||| |||| 00| 0 eng d | ||
| 082 | _a621.381 RAOT | ||
| 100 | _aRAO (T Aswathanarayana) | ||
| 245 | _aTextbook of Electronics. II PUC | ||
| 260 |
_aBangalore. _bSri Ranga Publishers., _c1997 |
||
| 300 | _a358 | ||
| 650 | _aTextbook | ||
| 650 | _aPUC | ||
| 650 | _aof | ||
| 650 | _aII | ||
| 650 | _aElectronics. | ||
| 690 | _aElectronics | ||
| 700 | _aRAMACHANDRA (R). | ||
| 906 | _a056627 | ||
| 999 |
_c104046 _d104046 |
||